Statistiken für Inseln, die Inseln enthüllen

Klicken Sie hier um das Quiz zu spielen!

Allgemein

  • Dieses Quiz wurde 288 mal gespielt
  • Das Durchschnittsergebnis liegt bei 15 aus 34

Antworten auf der Karte

Die Antworten werden auf der Karte rot bzw. grün angezeigt, abhängig davon wie oft sie richtig erraten wurden.
 

Antwortstatistiken

Antwort% Korrekt
Island
96%
Zypern
96%
Irland
92%
Kuba
92%
Großbritannien
86%
Sri Lanka
86%
Madagaskar
84%
Grönland
83%
Jamaika
67%
Sizilien
65%
Taiwan
65%
Malta
62%
Korsika
60%
Sardinien
55%
Kreta
46%
Hispaniola
39%
Majorca
39%
Hokkaido
33%
Trinidad
32%
Java
30%
Neuguinea
30%
Borneo
29%
Honshu
29%
Sumatra
21%
Rhodos
15%
Baffininsel
13%
Luzon
13%
Sulawesi
13%
Kyushu
8%
Sachalin
7%
Aruba
4%
Martinique
4%
Mayotte
2%
Anglesey
1%

Verteilung der Resultate

Perzentil nach korrekt beantworteten Fragen

Anzahl Personen mit jedem Resultat

Ihre Resultats-Entwicklung

Sie haben dieses Quiz noch nicht gespielt